| 000 | 00851nam a2200265Ia 4500 | ||
|---|---|---|---|
| 003 | OSt | ||
| 005 | 20220925194216.0 | ||
| 006 | a|||||r|||| 00| 0 | ||
| 007 | ta | ||
| 008 | 220923b |||||||| |||| 00| 0 eng d | ||
| 020 |
_a0674578104 _cDollar 22.00 |
||
| 037 |
_b950, 30/09/1985, UPPAL _cGeneral Book |
||
| 040 |
_aRTL _cRTL _beng |
||
| 041 |
_2eng _aeng |
||
| 082 | _aX:54:(B).420j73.N8, M4 | ||
| 100 |
_aPetri Peter A _9250623 |
||
| 245 | 0 |
_aModeling Japanese American trade _b A study of asymm |
|
| 260 |
_aCambridge _bHarvard University Press _c1984 |
||
| 300 |
_aviii,218p _ccm. |
||
| 490 | _aHarvard Economic Studies, V 156 | ||
| 500 | _aBibliography: P 206-213 | ||
| 650 | _aAustralia | ||
| 942 |
_hX:54:(B).420j73.N8, M4 _cGB _2CC |
||
| 999 |
_c528625 _d528625 |
||